| 000 | 00385cam a2200157ua 4500 | ||
|---|---|---|---|
| 041 |
_aeng _h |
||
| 082 |
_a627.52 _bINT/FO |
||
| 100 | _aICID, . | ||
| 245 | 0 | 0 | _aFourteenth international congres on irrigation and drainage, Brazil vol-1-D |
| 260 |
_a : _bICID and CIID , _c1990. |
||
| 300 | _a177 ; . | ||
| 500 | _a20268 Ref | ||
| 504 | _a | ||
| 942 | _cBK | ||
| 999 |
_c5719 _d5719 |
||